00418nam a2200157Ia 4500003000400000008004100004040001600045082001300061100002200074245003500096260003900131300001000170490004000180650002700220650001300247GCL140319s9999 xx 000 0 eng d aGCL / cGCL04a881bA P1 aADLER, MORTIMER J10aPLUTARCH / cADLER, MORTIMER J a[S.N] : bWILLIAM BENTON ، c1980 a897 P aGREAT BOOKS OF THE WESTERN WORLDv004aHISTORY, ANCIENT WORLD04aPLUTARCH